| 000 | 00654nam a22002057a 4500 | ||
|---|---|---|---|
| 003 | BUBTL | ||
| 008 | 220127b ||||| |||| 00| 0 eng d | ||
| 020 | _a8186225218 | ||
| 082 | _a341.481/ B18i/ 1997 | ||
| 100 |
_94506 _aBalachandran, M. K. |
||
| 245 |
_aIntroduction to International Humanitarian Law : _bM. K. Balachandran, Ross Varghese |
||
| 250 | _a1st | ||
| 260 |
_aNew Delhi _bIndian Centre for Humanitarian Law and Research _cc1997 |
||
| 300 |
_a[xiv], 411p. : _b20cm |
||
| 650 | 0 |
_92102 _aLaw |
|
| 700 | _aM. K. Balachandran, Ross Varghese | ||
| 856 |
_k0 _l0 _yDownload |
||
| 942 |
_2ddc _cBK |
||
| 999 |
_c6651 _d6651 |
||